000 00402nam a2200133Ia 4500
003 GCL
008 140319s9999 xx 000 0 eng d
040 _aGCL /
_cGCL
082 0 4 _a624.1773
_bA C
245 1 0 _aCOLLAPSE HOAD ANALYSIS OF FRAMES CONSIDERING AXIAL FORCES AND JOINT DISPLACEMENTS
260 _a[S.N] :
_bBEIRUT ARAB UNIVERSITY ،
_c1980
300 _a30 P
490 _aBEIRUT ARAB UNIVERSITY
_v0
999 _c19699
_d19699